|
|
|
|
| LEADER |
00000ny a22000003n 4500 |
| 003 |
EbpS |
| 005 |
20110513140711.0 |
| 006 |
m d |||||| |
| 007 |
cr anunnnuuuaa |
| 008 |
950104c19939999cou p 0 eng d |
| 022 |
0 |
|
|a 1535-668X
|
| 035 |
|
|
|a 5118
|
| 040 |
|
|
|d vLex
|
| 050 |
0 |
0 |
|a HF5001
|b .J588
|
| 050 |
0 |
0 |
|a HF5001
|b .J588
|
| 090 |
|
|
|c 1894
|d 1894
|
| 245 |
3 |
0 |
|a Journal of business and management
|h [Recurso electrn̤ico]
|
| 246 |
3 |
|
|a JBM
|
| 256 |
|
|
|a Servicio en ln̕ea
|
| 260 |
|
|
|a Carson, Calif. :
|b School of Management, California State University, Dominguez Hills,
|
| 310 |
|
|
|a Quarterly
|
| 500 |
|
|
|a Description based on: Vol. 2, no. 1 (fall 1994); title from cover
|
| 500 |
|
|
|a Published: Fort Collins, CO : Western Decision Sciences Institute, and the Management Dept., Colorado State University, fall 2000-
|
| 506 |
1 |
|
|a Contenido solo disponible en los productos indicados
|d vLex Global
|d vLex Global (Academic Edition, excluding Law Schools)
|d vLex Global (U.S. Academic Edition, excluding Law Schools)
|
| 515 |
|
|
|a Issue for fall 1993 called also inaugural issue
|
| 550 |
|
|
|a Official publication of the Western Decision Sciences Institute (WDSI)
|
| 650 |
0 |
4 |
|a Gestin̤
|x Publicaciones perid̤icas
|
| 650 |
0 |
4 |
|a Negocios
|x Publicaciones perid̤icas
|
| 710 |
2 |
|
|a California State University, Dominguez Hills.
|b School of Management
|
| 710 |
2 |
|
|a Colorado State University.
|b Management Dept
|
| 710 |
2 |
|
|a Western Decision Sciences Institute
|
| 740 |
0 |
|
|a vLex Revista (Servicios en ln̕ea)
|
| 843 |
|
|
|a Electrn̤ica. Abierta
|
| 853 |
|
|
|8 1
|i (year)
|j (month)
|k (day)
|
| 856 |
4 |
0 |
|z Acceso restringido
|u http://vlex.com/account/login_ip?fuente_id=5118
|
| 942 |
|
|
|c REV
|
| 999 |
|
0 |
|a Business
|v Periodicals
|
| 999 |
|
0 |
|a Management
|v Periodicals
|